000 01055nam0a22003131 4500
001 v19\rc\1407477
005 20060512130632.4
035 _a(NLR Aleph) 004536717
090 _a1947383
_c1947384
100 _a20060512d1876 |||y0rusy50 ca
101 0 _arus
102 _aRU
105 _ay z |||||
200 1 _aВокруг света
_eПлавание корвета "Аскольд"
_eИз зап. Максимова
_eОт Кронштадта до Бангкока
210 _aСанкт-Петербург
_cред. журн. "Всемирный путешественник"
_d[1876]
215 _a[2], VI, 480 с.
_d24
700 1 _aМаксимов
_bА. Я.
_f1851-1896
_gАлександр Яковлевич
801 0 _aRU
_bNLR
_gpsbo
801 0 _aRU
_bRuMoRGB
_2psbo
801 1 _aRU
_bProSoft-M
_2rusmarc
852 _aNLR
_j18.50.8.27
852 _aNLR
_j132/2117
899 _aRuMoRGB
_jF 61/71
899 _aRuMoRGB
_jC 55/3
899 _aБАН
899 _aНБ СПбГУ
899 _aНБ МГУ
942 _cBOOK
980 _aNB